| 000 | 00724nam a2200229Ia 4500 | ||
|---|---|---|---|
| 003 | OSt | ||
| 005 | 20220925215346.0 | ||
| 006 | a|||||r|||| 00| 0 | ||
| 007 | ta | ||
| 008 | 220923b |||||||| |||| 00| 0 eng d | ||
| 037 | _cGeneral Book | ||
| 040 |
_aRTL _cRTL _beng |
||
| 041 |
_2eng _aeng |
||
| 082 | _aD6,9 | ||
| 110 |
_aNational Physical Laboratory, Scientific and Industrial Research (Dept. of-) _9282648 |
||
| 245 | 0 | _aReport 1940-1945. London | |
| 260 |
_aLondon _bHer Majesty's Stationery Office _c1952 |
||
| 300 |
_avi, 159 p _ccm. |
||
| 700 |
_aNational Physical Laboratory, Scientific and Industrial Research (Dept. of-) _9282649 |
||
| 942 |
_hD6,9 _cGB _2CC |
||
| 999 |
_c568595 _d568595 |
||